An INTRODUCTION to early childhood studies
Guardat en:
| Format: | Llibre |
|---|---|
| Idioma: | anglès |
| Publicat: |
Sage Publications,
2014.
|
| Etiquetes: |
Afegir etiqueta
Sense etiquetes, Sigues el primer a etiquetar aquest registre!
|
MARC
| LEADER | 00000nam a22000007a 4500 | ||
|---|---|---|---|
| 008 | 210126b ||||| |||| 00| 0 eng d | ||
| 020 | |a 978-1-4462-7067-7 | ||
| 245 | |a An INTRODUCTION to early childhood studies |c Trisha Maynard and Sacha Powell. |g xii, 335p.; ill. | ||
| 250 | |b 3rd ed. |c Trisha Maynard and Sacha Powell. | ||
| 260 | |b Sage Publications, |c 2014. |h Los Angeles: |i 692134 |i 692135 |l LB1139.23 .In8 |m Early childhood education – Textbooks |m Child development – Textbooks. | ||
| 500 | |a “It includes reference and index”. | ||
| 942 | |a lcc |c BK |e Adeniran, F. A |f 26/01/2021 | ||
| 952 | |0 0 |1 0 |2 lcc |4 0 |6 LB113923 I N8 |7 0 |9 1942 |a HOL |b HOL |c LP |d 2021-01-26 |l 0 |o LB1139.23 .In8 |p 2021-5805 |r 2021-01-26 00:00:00 |w 2021-01-26 |y BK | ||
| 952 | |0 0 |1 0 |2 lcc |4 0 |6 LB113923 I N8 |7 0 |9 1943 |a HOL |b ED |c LP |d 2021-01-26 |l 0 |o LB1139.23 .In8 |p 2021-5807 |r 2021-01-26 00:00:00 |w 2021-01-26 |y BK | ||
| 999 | |c 1020 |d 1020 | ||